Statistiques concernant 15 principaux pays touchés par Covid-19 - 8 décembre

Cliquez ici pour prendre le quiz!

Statistiques générales

  • Ce quiz a été pris 12 fois
  • Le résultat moyen est 17 sur 27

Statistiques - réponses

pays% Correct
Allemagne
100%
Brésil
100%
Espagne
100%
Etats-Unis
100%
France
100%
Italie
100%
Royaume-Uni
100%
Argentine
89%
Belgique
89%
Inde
89%
Mexique
89%
Russie
89%
Colombie
67%
Iran
67%
Pologne
67%
Pérou
56%
Suisse
56%
Israël
44%
Qatar
44%
Bahreïn
33%
Panama
33%
Autriche
22%
Arménie
11%
Géorgie
11%
Slovénie
11%
Tchèquie
11%
Croatie
0%

Distribution des résultats

Percentile par nombre de réponses

% des personnes avec chaque résultat

Votre développement - résultats

Vous n’avez pas pris ce quiz